Normal view
MARC view
Entry Personal Name
001 - CONTROL NUMBER
- control field: 1234508
003 - CONTROL NUMBER IDENTIFIER
- control field: OSt
005 - DATE AND TIME OF LATEST TRANSACTION
- control field: 20260409134711.0
008 - FIXED-LENGTH DATA ELEMENTS
- fixed length control field: 260409|| aca||aabn | a|a d
040 ## - CATALOGING SOURCE
- Original cataloging agency: OSt
- Transcribing agency: OSt
100 ## - HEADING--PERSONAL NAME
- Personal name: Padel, Felix
670 ## - SOURCE DATA FOUND
- Source citation: Work cat.: (OSt)1848173: Padel, Felix , Ecology, Economy, 2013
